Statistics for NFL PLAYER CAREER PATH QUIZ

Click here to take the quiz!

General Stats

  • This quiz has been taken 194 times
  • The average score is 8 of 16

Answer Stats

HintAnswer% Correct
(79-94) SF > KCJoe Montana
87%
(07-19) BUF > SEA > OAKMarshawn Lynch
74%
(05-20) SF > KC > WASAlex Smith
58%
(05-20) SF > IND > MIA > BUF > NYJFrank Gore
54%
(96-10) SF > PHI > DAL > BUF > CINTerrell Owens
52%
(03-16) ARI > BAL > SF > DETAnquan Boldin
47%
(06-18) DEN > MIA > CHI > NYJBrandon Marshall
47%
(04-15) MIA > NE > DENWes Welker
47%
(08-17) TEN > NYJ > ARIChris Johnson
46%
(11-17) DAL > PHI > TENDeMarco Murray
44%
(10-20) SEA > DET > PHI > NYGGolden Tate
40%
(99-09) IND > ARIEdgerrin James
35%
(00-09) BAL > CLEJamal Lewis
35%
(04-15) STL > ATLSteven Jackson
33%
(87-07) TAM > CLE > BAL > NYJ > DALVinny Testaverde
30%
(00-12) PIT > NYG > NYJPlaxico Burress
27%

Score Distribution

Percentile by Number Answered

Percent of People with Each Score

Your Score History

You have not taken this quiz